[Event "Bundesliga 2022-23"]
[Site "Munich GER"]
[Date "2023.04.02"]
[Round "13.6"]
[Board "2"]
[White "Ragger, Markus"]
[Black "Moussard, Jules"]
[Result "0-1"]
[WhiteTitle "GM"]
[BlackTitle "GM"]
[WhiteElo "2632"]
[BlackElo "2686"]
[WhiteTeam "SG Solingen"]
[BlackTeam "Schachfreunde Deizisau"]
[WhiteFideId "1610856"]
[BlackFideId "642908"]
[EventDate "2022.10.22"]

1. e4 c5 2. Nf3 e6 3. d4 cxd4 4. Nxd4 Nc6 5. Nc3 Qc7 6. Be3 a6 7. a3 b5 8. Nxc6
dxc6 9. Qg4 e5 10. Qg3 h5 11. Bd4 f6 12. Be2 Be6 13. Be3 Kf7 14. f4 h4 15. Qf3
exf4 16. Bxf4 Bd6 17. e5 Bxe5 18. Bxe5 Qxe5 19. Qxc6 Rc8 20. Qf3 Ne7 21. O-O-O
Rxc3 22. bxc3 Bd5 23. Rxd5 Nxd5 24. Rd1 Nxc3 25. Rd7+ Ke8 26. Qb7 Nxe2+ 27. Kd2
Qc3+ 28. Kd1 Rh5 29. Re7+ Kf8 30. Rf7+ Kg8 31. Rxg7+ Kh8 32. Re7 Qa1+ 33. Kxe2
Re5+ 34. Rxe5 Qxe5+ 35. Kf2 Qc5+ 36. Kf3 Qxa3+ 37. Kg4 Qa4+ 38. Kh5 Qxc2 39.
Qa8+ Kg7 40. Qb7+ Kf8 41. Qxa6 Qc4 42. Kg6 Qf7+ 43. Kf5 Qh5+ 44. Kf4 Qg5+ 45.
Kf3 Qf5+ 46. Ke3 Kg7 47. Qb7+ Kg6 48. h3 Qe5+ 49. Kd3 f5 50. Qc8 Qd5+ 51. Ke3
Kg5 52. Qf8 Qe5+ 53. Kf2 Qd4+ 54. Kf3 Qd3+ 55. Kf2 Qg3+ 56. Kf1 Qc7 57. Kf2 Qc2+
58. Kf3 Qc3+ 59. Kf2 b4 60. Qe7+ Kg6 61. Qe6+ Qf6 62. Qe8+ Kh6 63. Qb8 Qd4+ 64.
Kf1 Kg5 65. Qb7 Kf4 66. Qc7+ Ke4 67. Qb7+ Kd3 68. Qf3+ Kc2 69. Qe2+ Qd2 70. Qc4+
Kb2 0-1

[Event "Bundesliga 2022-23"]
[Site "Munich GER"]
[Date "2023.04.02"]
[Round "13.6"]
[Board "3"]
[White "Bluebaum, Matthias"]
[Black "L'Ami, Erwin"]
[Result "1-0"]
[WhiteTitle "GM"]
[BlackTitle "GM"]
[WhiteElo "2647"]
[BlackElo "2617"]
[WhiteTeam "Schachfreunde Deizisau"]
[BlackTeam "SG Solingen"]
[WhiteFideId "24651516"]
[BlackFideId "1007998"]
[EventDate "2022.10.22"]

1. Nf3 c5 2. e3 Nf6 3. d4 e6 4. Bd3 b6 5. O-O Bb7 6. c4 Be7 7. Nc3 d5 8. cxd5
Nxd5 9. e4 Nxc3 10. bxc3 O-O 11. Qe2 Nc6 12. Bb2 Rc8 13. a3 Re8 14. Rad1 Bf8 15.
h4 Qc7 16. h5 e5 17. d5 Na5 18. Bb5 Red8 19. c4 f6 20. Nd2 Bd6 21. h6 Rb8 22. f4
Bc8 23. fxe5 Bxe5 24. Bxe5 Qxe5 25. hxg7 Rb7 26. Ba6 Rxg7 27. Bxc8 Rxc8 28. Rf5
Qd4+ 29. Rf2 Re8 30. Re1 Rg6 31. Nf3 Qxc4 32. Qd1 Nb7 33. d6 Qe6 34. e5 Rd8 35.
exf6 Qxd6 36. Qb3+ Kh8 37. Ne5 Rxf6 38. Nf7+ Rxf7 39. Qxf7 1-0

[Event "Bundesliga 2022-23"]
[Site "Munich GER"]
[Date "2023.04.02"]
[Round "13.6"]
[Board "4"]
[White "Van Wely, Loek"]
[Black "Kollars, Dmitrij"]
[Result "1/2-1/2"]
[WhiteTitle "GM"]
[BlackTitle "GM"]
[WhiteElo "2629"]
[BlackElo "2612"]
[WhiteTeam "SG Solingen"]
[BlackTeam "Schachfreunde Deizisau"]
[WhiteFideId "1000268"]
[BlackFideId "12909572"]
[EventDate "2022.10.22"]

1. d4 d5 2. c4 c6 3. Nf3 Nf6 4. Nc3 e6 5. e3 Nbd7 6. Qc2 Bd6 7. b3 O-O 8. Be2 b6
9. O-O Bb7 10. Bb2 Qe7 11. Rad1 Rad8 12. Rfe1 Rfe8 13. h3 c5 14. cxd5 exd5 15.
Bf1 a6 16. g3 Rc8 17. Qb1 b5 18. dxc5 Nxc5 19. Nd4 g6 20. Bg2 b4 21. Nce2 Nce4
22. Qd3 Nc5 23. Qb1 Nce4 24. Qd3 Nc5 25. Qb1 1/2-1/2

[Event "Bundesliga 2022-23"]
[Site "Munich GER"]
[Date "2023.04.02"]
[Round "13.6"]
[Board "5"]
[White "Heimann, Andreas"]
[Black "Predojevic, Borki"]
[Result "1/2-1/2"]
[WhiteTitle "GM"]
[BlackTitle "GM"]
[WhiteElo "2573"]
[BlackElo "2584"]
[WhiteTeam "Schachfreunde Deizisau"]
[BlackTeam "SG Solingen"]
[WhiteFideId "24624632"]
[BlackFideId "930849"]
[EventDate "2022.10.22"]

1. d4 d5 2. c4 c6 3. cxd5 cxd5 4. Nc3 Nf6 5. Nf3 Nc6 6. Bf4 a6 7. Rc1 Bf5 8. e3
Rc8 9. Be2 e6 10. O-O Bd6 11. Bxd6 Qxd6 12. Na4 O-O 13. Nc5 Rc7 14. Qb3 Rb8 15.
Qb6 Ne8 16. Qb3 Nf6 17. Qb6 Ne8 18. Qb3 Nf6 19. Qb6 Ne8 20. Qb3 Nf6 1/2-1/2

[Event "Bundesliga 2022-23"]
[Site "Munich GER"]
[Date "2023.04.02"]
[Round "13.6"]
[Board "6"]
[White "Roseneck, Jonas"]
[Black "Kozul, Zdenko"]
[Result "0-1"]
[WhiteTitle "FM"]
[BlackTitle "GM"]
[WhiteElo "2414"]
[BlackElo "2549"]
[WhiteTeam "SG Solingen"]
[BlackTeam "Schachfreunde Deizisau"]
[WhiteFideId "12939870"]
[BlackFideId "14502879"]
[EventDate "2022.10.22"]

1. d4 Nf6 2. c4 c5 3. d5 b5 4. Qc2 d6 5. e4 b4 6. b3 g6 7. Bb2 Bg7 8. Nd2 O-O 9.
Bd3 e6 10. Ne2 a5 11. O-O e5 12. h3 Nh5 13. f4 Nxf4 14. Nxf4 exf4 15. Bxg7 Kxg7
16. Qb2+ f6 17. Rxf4 Nd7 18. Nf3 g5 19. Rg4 Ne5 20. Nxe5 fxe5 21. Rg3 h5 22. Be2
g4 23. hxg4 Qh4 24. Qd2 hxg4 25. Qe3 a4 26. Rf1 Rxf1+ 27. Bxf1 axb3 28. axb3 Bd7
29. Be2 Ra1+ 30. Bf1 Ra2 31. Qe1 Rb2 32. Qe3 Kg6 33. Qd3 Kg7 34. Qe3 Rc2 35. Bd3
Rc3 36. Qf2 Rxb3 37. Re3 Qh6 38. g3 Rc3 39. Qd2 Ba4 40. Re2 Rc1+ 0-1

[Event "Bundesliga 2022-23"]
[Site "Munich GER"]
[Date "2023.04.02"]
[Round "13.6"]
[Board "7"]
[White "Dautov, Rustem"]
[Black "Wegerle, Joerg"]
[Result "1-0"]
[WhiteTitle "GM"]
[BlackTitle "IM"]
[WhiteElo "2592"]
[BlackElo "2411"]
[WhiteTeam "Schachfreunde Deizisau"]
[BlackTeam "SG Solingen"]
[WhiteFideId "4623606"]
[BlackFideId "4644743"]
[EventDate "2022.10.22"]

1. d4 d5 2. c4 e6 3. Nf3 Nf6 4. Nc3 Bb4 5. e3 O-O 6. Bd2 b6 7. Bd3 dxc4 8. Bxc4
Bb7 9. O-O Nbd7 10. Qe2 Qe7 11. a3 Bxc3 12. Bxc3 Ne4 13. Rac1 c5 14. Ba6 Bd5 15.
Rfd1 Rfd8 16. Be1 Nd6 17. Bc3 Ne4 18. Bc4 Bb7 19. Be1 Rac8 20. Ba6 Bxa6 21. Qxa6
Nb8 22. Qb5 Qd7 23. Qb3 Qd5 24. Qxd5 Rxd5 25. dxc5 Rxd1 26. Rxd1 Nxc5 27. Rc1
Rc7 28. Kf1 Nba6 29. Nd4 Nd3 30. Rxc7 Nxc7 31. Bc3 f6 32. Ke2 Nc5 33. Nc6 a5 34.
Bd4 Nd7 35. Ne7+ Kf7 36. Nc8 b5 37. Bc3 a4 38. Nd6+ Ke7 39. Bb4 Nd5 40. Nxb5+
Nxb4 41. axb4 Nb6 42. Kd3 e5 43. e4 Kd7 44. Na3 Kc6 45. Nc4 Nc8 46. b3 axb3 47.
Kc3 Na7 48. Kxb3 Nb5 49. f3 Nd4+ 50. Ka4 h5 51. Ka5 h4 52. h3 1-0

[Event "Bundesliga 2022-23"]
[Site "Munich GER"]
[Date "2023.04.02"]
[Round "13.6"]
[Board "8"]
[White "Halvax, Georg"]
[Black "Koellner, Ruben Gideon"]
[Result "1/2-1/2"]
[WhiteTitle "IM"]
[BlackTitle "IM"]
[WhiteElo "2432"]
[BlackElo "2403"]
[WhiteTeam "SG Solingen"]
[BlackTeam "Schachfreunde Deizisau"]
[WhiteFideId "1619543"]
[BlackFideId "12993093"]
[EventDate "2022.10.22"]

1. d4 d5 2. c4 e6 3. Nf3 Nf6 4. Nc3 Be7 5. Bf4 O-O 6. e3 b6 7. cxd5 Nxd5 8. Nxd5
Qxd5 9. a3 c5 10. dxc5 Bb7 11. Qxd5 Bxd5 12. Bd3 Nd7 13. Bd6 Bxd6 14. cxd6 Nc5
15. Bc2 Rfd8 16. Rd1 Rac8 17. O-O Nb7 18. e4 Rxc2 19. exd5 exd5 20. Rd3 d4 21.
Rxd4 Rxd6 22. Rxd6 Nxd6 23. Rd1 g6 24. h4 Ne4 25. Rd8+ Kg7 26. Rd7 Rxb2 27. Rxa7
Nxf2 28. Ne5 Kf6 29. Nc4 Rc2 30. Ne3 Rb2 31. Rb7 1/2-1/2

[Event "Bundesliga 2022-23"]
[Site "Deggendorf GER"]
[Date "2023.04.02"]
[Round "13.7"]
[Board "1"]
[White "Narayanan, S.L."]
[Black "Ivic, Velimir"]
[Result "1/2-1/2"]
[WhiteTitle "GM"]
[BlackTitle "GM"]
[WhiteElo "2663"]
[BlackElo "2553"]
[WhiteTeam "SV Deggendorf"]
[BlackTeam "SK Kirchweyhe"]
[WhiteFideId "5058422"]
[BlackFideId "950122"]
[EventDate "2022.10.22"]

1. e4 c5 2. Nf3 Nc6 3. Bb5 e6 4. O-O Nge7 5. Re1 a6 6. Bf1 Ng6 7. c3 Be7 8. d4
cxd4 9. cxd4 d5 10. Nc3 dxe4 11. Nxe4 O-O 12. g3 Bb4 13. Bd2 Bxd2 14. Qxd2 b6
15. h4 Nge7 16. Bg2 Bb7 17. Rad1 Nd5 18. Ne5 h6 19. a3 Rc8 20. Qe2 Nce7 21. Bh3
Nf5 22. Rd2 Rc7 23. h5 Qe7 24. Bg2 Rfc8 25. Qd1 Qd8 26. Kh2 Qe7 27. Kg1 Qd8 28.
Kh2 Qe7 1/2-1/2

[Event "Bundesliga 2022-23"]
[Site "Deggendorf GER"]
[Date "2023.04.02"]
[Round "13.7"]
[Board "2"]
[White "Brkic, Ante"]
[Black "Sedlak, Nikola"]
[Result "1/2-1/2"]
[WhiteTitle "GM"]
[BlackTitle "GM"]
[WhiteElo "2602"]
[BlackElo "2472"]
[WhiteTeam "SK Kirchweyhe"]
[BlackTeam "SV Deggendorf"]
[WhiteFideId "14506688"]
[BlackFideId "922900"]
[EventDate "2022.10.22"]

1. e4 e5 2. Nf3 Nc6 3. Bb5 a6 4. Ba4 Nf6 5. d3 d6 6. c3 g6 7. O-O Bg7 8. Re1 O-O
9. h3 b5 10. Bc2 Bb7 11. Nbd2 Nb8 12. a4 Nbd7 13. b4 c5 14. Bb2 Re8 15. bxc5
Nxc5 16. axb5 axb5 17. Rxa8 Qxa8 18. Qa1 d5 19. exd5 Nxd5 20. Ne4 Nxe4 21. dxe4
Nb6 22. Ba3 Nc4 1/2-1/2

[Event "Bundesliga 2022-23"]
[Site "Deggendorf GER"]
[Date "2023.04.02"]
[Round "13.7"]
[Board "3"]
[White "Delchev, Aleksander"]
[Black "Markus, Robert"]
[Result "1/2-1/2"]
[WhiteTitle "GM"]
[BlackTitle "GM"]
[WhiteElo "2503"]
[BlackElo "2615"]
[WhiteTeam "SV Deggendorf"]
[BlackTeam "SK Kirchweyhe"]
[WhiteFideId "2900394"]
[BlackFideId "921637"]
[EventDate "2022.10.22"]

1. d4 Nf6 2. c4 e6 3. Nf3 Bb4+ 4. Bd2 Qe7 5. g3 Nc6 6. Nc3 Bxc3 7. Bxc3 Ne4 8.
Rc1 O-O 9. Bg2 d6 10. d5 Nd8 11. O-O f5 12. Nd2 Nxc3 13. Rxc3 e5 14. c5 dxc5 15.
Qc2 e4 16. Rxc5 c6 17. f3 exf3 18. Bxf3 Bd7 19. Qc3 Kh8 20. Nb3 Rf6 21. dxc6
Nxc6 22. Nd4 Rg8 23. Nxc6 Bxc6 24. Bxc6 bxc6 25. Re5 Qf7 1/2-1/2

[Event "Bundesliga 2022-23"]
[Site "Deggendorf GER"]
[Date "2023.04.02"]
[Round "13.7"]
[Board "4"]
[White "Stevic, Hrvoje"]
[Black "Stojanovic, Dalibor"]
[Result "1/2-1/2"]
[WhiteTitle "GM"]
[BlackTitle "GM"]
[WhiteElo "2565"]
[BlackElo "2472"]
[WhiteTeam "SK Kirchweyhe"]
[BlackTeam "SV Deggendorf"]
[WhiteFideId "14502569"]
[BlackFideId "922692"]
[EventDate "2022.10.22"]

1. e4 e5 2. Nf3 Nf6 3. d4 exd4 4. e5 Ne4 5. Qxd4 d5 6. exd6 Nxd6 7. Nc3 Nc6 8.
Qf4 Nf5 9. Bb5 Bd6 10. Qe4+ Qe7 11. O-O O-O 12. Bxc6 bxc6 13. Qxc6 Rb8 14. Re1
Nd4 15. Rxe7 Nxc6 16. Re4 Bf5 17. Rc4 Nb4 18. Nd4 Nxc2 19. Nxc2 Bxc2 20. Nb5
Rxb5 21. Rxc2 Be5 22. Rb1 a5 23. Bd2 a4 24. Bc3 Bxc3 25. Rxc3 c5 26. g3 Rfb8 27.
b3 axb3 28. axb3 g6 29. Rbc1 Rxb3 30. Rxb3 Rxb3 31. Rxc5 1/2-1/2

[Event "Bundesliga 2022-23"]
[Site "Deggendorf GER"]
[Date "2023.04.02"]
[Round "13.7"]
[Board "5"]
[White "Bogosavljevic, Boban"]
[Black "Jovanovic, Zoran"]
[Result "1/2-1/2"]
[WhiteTitle "GM"]
[BlackTitle "GM"]
[WhiteElo "2533"]
[BlackElo "2519"]
[WhiteTeam "SV Deggendorf"]
[BlackTeam "SK Kirchweyhe"]
[WhiteFideId "931152"]
[BlackFideId "14505320"]
[EventDate "2022.10.22"]

1. Nf3 Nf6 2. g3 g6 3. Bg2 Bg7 4. O-O d6 5. d4 O-O 6. c4 c6 7. Nc3 Bf5 8. b3 Ne4
9. Bb2 Nxc3 10. Bxc3 Be4 11. e3 Nd7 12. Qe2 e6 13. Rfd1 Qe7 14. Bf1 e5 15. dxe5
Bxf3 16. Qxf3 Nxe5 17. Qe2 Nf3+ 18. Qxf3 Bxc3 19. Rab1 Bb4 20. h4 h5 21. Bg2 a5
22. Rd3 Rfe8 23. Qe2 Qf6 24. Qc2 Bc5 1/2-1/2

[Event "Bundesliga 2022-23"]
[Site "Deggendorf GER"]
[Date "2023.04.02"]
[Round "13.7"]
[Board "6"]
[White "Kovacevic, Aleksandar"]
[Black "Popovic, Dusan"]
[Result "1/2-1/2"]
[WhiteTitle "GM"]
[BlackTitle "GM"]
[WhiteElo "2471"]
[BlackElo "2486"]
[WhiteTeam "SK Kirchweyhe"]
[BlackTeam "SV Deggendorf"]
[WhiteFideId "903124"]
[BlackFideId "927031"]
[EventDate "2022.10.22"]

1. e4 c5 2. Nf3 d6 3. d4 cxd4 4. Nxd4 Nf6 5. Nc3 a6 6. Be2 e5 7. Nf3 Be7 8. Bg5
Be6 9. Bxf6 Bxf6 10. O-O O-O 11. Nd5 Nd7 12. Bc4 Rc8 13. Qe2 Nb6 14. Nxb6 Qxb6
15. Bb3 Qc6 16. c3 d5 17. exd5 Bxd5 18. Bxd5 Qxd5 19. Rfd1 Qe6 20. Qe4 b5 21.
Nd2 Bg5 22. Nf3 Bf6 23. Nd2 Bg5 24. Nf3 Bf6 1/2-1/2

[Event "Bundesliga 2022-23"]
[Site "Deggendorf GER"]
[Date "2023.04.02"]
[Round "13.7"]
[Board "7"]
[White "Petrov, Martin"]
[Black "Palac, Mladen"]
[Result "1/2-1/2"]
[WhiteTitle "GM"]
[BlackTitle "GM"]
[WhiteElo "2530"]
[BlackElo "2516"]
[WhiteTeam "SV Deggendorf"]
[BlackTeam "SK Kirchweyhe"]
[WhiteFideId "2911086"]
[BlackFideId "14500116"]
[EventDate "2022.10.22"]

1. e4 c5 2. Nf3 d6 3. d4 cxd4 4. Nxd4 Nf6 5. Nc3 a6 6. Bd3 e5 7. Nde2 Be7 8. O-O
O-O 9. Ng3 Be6 10. Nd5 Bxd5 11. exd5 g6 12. a4 Qc7 13. c4 a5 14. f4 exf4 15.
Bxf4 Nbd7 16. Kh1 Rfe8 17. Rc1 Nc5 18. Bc2 Bf8 19. Bg5 Nfd7 20. Nh5 Ne4 21. Bxe4
Rxe4 22. Rxf7 Kxf7 23. Qf3+ Kg8 24. Rf1 gxh5 25. Qf7+ Kh8 26. Bf6+ Nxf6 27. Qxc7
Rae8 28. Qxa5 Rxc4 29. Qb5 Ree4 30. g4 Rb4 31. Qa5 Bg7 32. gxh5 h6 33. Qc7 Rxb2
34. Qxd6 Nxh5 35. Qc7 Nf6 36. d6 Ree2 37. Qc8+ Kh7 38. Qf5+ Kg8 39. Qc8+ Kh7 40.
Qf5+ Kg8 41. Qc8+ 1/2-1/2

[Event "Bundesliga 2022-23"]
[Site "Deggendorf GER"]
[Date "2023.04.02"]
[Round "13.7"]
[Board "8"]
[White "Zelcic, Robert"]
[Black "Kuznecovs, Nikita"]
[Result "1/2-1/2"]
[WhiteTitle "GM"]
[BlackTitle "FM"]
[WhiteElo "2495"]
[BlackElo "2301"]
[WhiteTeam "SK Kirchweyhe"]
[BlackTeam "SV Deggendorf"]
[WhiteFideId "14500310"]
[BlackFideId "11604557"]
[EventDate "2022.10.22"]

1. e4 e6 2. d4 d5 3. Nd2 Be7 4. e5 c5 5. c3 Nc6 6. Bd3 Qb6 7. Ndf3 f6 8. Nh3 Bd7
9. O-O O-O-O 10. Nf4 fxe5 11. Nxe5 Nxe5 12. dxe5 Nh6 13. Nh5 Nf7 14. Re1 g6 15.
Nf6 Bxf6 16. exf6 e5 17. c4 d4 18. Qf3 Rhe8 19. Bd2 Re6 20. b4 Rxf6 21. Qg3 Bf5
22. bxc5 Qc6 23. Bf1 Re8 24. Qa3 Kb8 25. f3 e4 26. fxe4 Bxe4 27. Qg3+ Ka8 28.
Bd3 Bxd3 29. Rxe8+ Qxe8 30. Qxd3 Qd8 31. Re1 Rf5 32. Ba5 Qc8 33. Re7 Ne5 34. Qe4
Rf1+ 35. Kxf1 Qf8+ 36. Kg1 Qxe7 37. Qxd4 Nc6 38. Qh8+ Nb8 39. Qd4 Nc6 40. Qh8+
Nb8 41. Qd4 Nc6 1/2-1/2

[Event "Bundesliga 2022-23"]
[Site "Deggendorf GER"]
[Date "2023.04.02"]
[Round "13.8"]
[Board "1"]
[White "Eljanov, Pavel"]
[Black "Shevchenko, Kirill"]
[Result "0-1"]
[WhiteTitle "GM"]
[BlackTitle "GM"]
[WhiteElo "2697"]
[BlackElo "2645"]
[WhiteTeam "Muenchener Schachclub 1836"]
[BlackTeam "SV Werder Bremen"]
[WhiteFideId "14102951"]
[BlackFideId "14129574"]
[EventDate "2022.10.22"]

1. d4 Nf6 2. c4 g6 3. g3 Bg7 4. Bg2 O-O 5. Nc3 d6 6. Nf3 Nbd7 7. O-O e5 8. e4
exd4 9. Nxd4 Nc5 10. h3 Re8 11. Re1 h6 12. Rb1 a5 13. b3 c6 14. Bf4 Nh7 15. Qd2
Ng5 16. h4 Bxd4 17. Qxd4 Nge6 18. Qxd6 Nxf4 19. Qxf4 Nd3 20. Qxh6 Nxe1 21. Rxe1
Qd4 22. Ne2 Qe5 23. Qe3 a4 24. Nd4 axb3 25. Nf3 Qb2 26. axb3 Ra2 27. Bf1 Ra1 28.
h5 Rxe1 29. Nxe1 gxh5 30. Nf3 Bf5 31. e5 Bg6 32. Bh3 Qb1+ 33. Kg2 f6 34. Qf4 Be4
35. exf6 Kf7 36. Kh2 Bxf3 37. Qxf3 Qg6 38. Bf5 Qg5 39. c5 Re5 40. Bc8 Qxf6 41.
Qxf6+ Kxf6 42. Bxb7 Rxc5 43. Ba6 Rc2 44. Kg2 Ke5 45. Bc4 Rb2 46. Kf3 Kd4 47. Bf7
c5 48. Bc4 Ra2 49. Bf7 Ra8 50. Kg2 Rf8 51. Bc4 Ke4 52. Be2 Rb8 53. Bc4 Rh8 54.
f3+ Kf5 55. f4 Rd8 56. Kf3 Rd1 57. Be2 Rc1 58. Bd3+ Kf6 59. Kg2 Rd1 60. Bc4 Kf5
61. Kf3 Rd2 62. Ke3 Rd4 63. Be2 Rb4 64. Bc4 Kg4 65. Ke4 Kxg3 66. f5 Kg4 67. f6
Rb6 68. Ke5 Kg5 69. f7 Rf6 70. Be6 Kg6 71. Kd5 Kg7 0-1

[Event "Bundesliga 2022-23"]
[Site "Deggendorf GER"]
[Date "2023.04.02"]
[Round "13.8"]
[Board "2"]
[White "Fressinet, Laurent"]
[Black "Jones, Gawain C B"]
[Result "1/2-1/2"]
[WhiteTitle "GM"]
[BlackTitle "GM"]
[WhiteElo "2622"]
[BlackElo "2626"]
[WhiteTeam "SV Werder Bremen"]
[BlackTeam "Muenchener Schachclub 1836"]
[WhiteFideId "608742"]
[BlackFideId "409561"]
[EventDate "2022.10.22"]

1. d4 Nf6 2. c4 e6 3. Nf3 d5 4. Nc3 c5 5. e3 a6 6. cxd5 exd5 7. g3 Nc6 8. Bg2 c4
9. Ne5 Bb4 10. Bd2 O-O 11. O-O Re8 12. Nxc6 bxc6 13. b3 a5 14. Qc2 h5 15. bxc4
Ba6 16. Na4 Bxc4 17. Rfb1 Bxd2 18. Qxd2 Bb5 19. Nc3 Bc4 20. Na4 Bb5 21. Nc3 Bc4 1/2-1/2

[Event "Bundesliga 2022-23"]
[Site "Deggendorf GER"]
[Date "2023.04.02"]
[Round "13.8"]
[Board "3"]
[White "Saric, Ivan"]
[Black "Areshchenko, Alexander"]
[Result "1/2-1/2"]
[WhiteTitle "GM"]
[BlackTitle "GM"]
[WhiteElo "2668"]
[BlackElo "2632"]
[WhiteTeam "Muenchener Schachclub 1836"]
[BlackTeam "SV Werder Bremen"]
[WhiteFideId "14508150"]
[BlackFideId "14109530"]
[EventDate "2022.10.22"]

1. e4 e5 2. Nf3 Nc6 3. Bb5 a6 4. Ba4 Nf6 5. O-O Nxe4 6. d4 b5 7. Bb3 d5 8. dxe5
Be6 9. Nbd2 Nc5 10. c3 Be7 11. Bc2 d4 12. Nb3 dxc3 13. Nxc5 Bxc5 14. Be4 Qd7 15.
Qc2 Bd5 16. Bg5 Bxe4 17. Qxe4 O-O 18. Rac1 Nd4 19. Rxc3 Bb6 20. Nxd4 Qxd4 21.
Qf5 Rfe8 22. Rf3 Qxe5 1/2-1/2

[Event "Bundesliga 2022-23"]
[Site "Deggendorf GER"]
[Date "2023.04.02"]
[Round "13.8"]
[Board "4"]
[White "Efimenko, Zahar"]
[Black "Indjic, Aleksandar"]
[Result "1/2-1/2"]
[WhiteTitle "GM"]
[BlackTitle "GM"]
[WhiteElo "2599"]
[BlackElo "2630"]
[WhiteTeam "SV Werder Bremen"]
[BlackTeam "Muenchener Schachclub 1836"]
[WhiteFideId "14107201"]
[BlackFideId "911925"]
[EventDate "2022.10.22"]

1. e4 c5 2. Nf3 d6 3. d4 cxd4 4. Nxd4 Nf6 5. Nc3 a6 6. Be2 e5 7. Nb3 Be7 8. O-O
O-O 9. Be3 Be6 10. Qd2 Nbd7 11. a4 Rc8 12. a5 Re8 13. Rfd1 h6 14. h3 Rc6 15. Qe1
Qb8 16. Nc1 Rec8 17. Bf3 Nf8 18. N1e2 h5 19. Ng3 g6 20. Nf1 Bd8 21. Kh1 N8h7 22.
Rd3 Bc4 23. Rdd1 b5 24. axb6 Bxb6 25. Bxb6 Rxb6 26. Na4 Rbc6 27. Nd2 Be6 28. c3
Ng5 29. Qe3 Nxf3 30. Qxf3 Kg7 31. b3 R8c7 32. c4 1/2-1/2

[Event "Bundesliga 2022-23"]
[Site "Deggendorf GER"]
[Date "2023.04.02"]
[Round "13.8"]
[Board "5"]
[White "Martinovic, Sasa"]
[Black "Van Foreest, Lucas"]
[Result "1/2-1/2"]
[WhiteTitle "GM"]
[BlackTitle "GM"]
[WhiteElo "2546"]
[BlackElo "2568"]
[WhiteTeam "Muenchener Schachclub 1836"]
[BlackTeam "SV Werder Bremen"]
[WhiteFideId "14509792"]
[BlackFideId "1039792"]
[EventDate "2022.10.22"]

1. d4 d5 2. c4 e6 3. Nc3 Be7 4. Nf3 Nf6 5. Bf4 O-O 6. e3 c5 7. dxc5 Bxc5 8. cxd5
Nxd5 9. Nxd5 exd5 10. Bd3 Bb4+ 11. Nd2 d4 12. Qc2 dxe3 13. Bxe3 h6 14. O-O Nc6
15. Rfd1 Bg4 16. f3 Be6 17. Ne4 Qc7 18. Nc5 Rfe8 19. Bf2 Rad8 20. Nxe6 Rxe6 21.
Bh7+ Kh8 22. Rxd8+ Qxd8 23. Rd1 Rd6 24. Rxd6 Bxd6 25. Be4 Qd7 26. g3 Bc7 27. Qd3
Qxd3 28. Bxd3 Be5 29. Be4 a6 30. b3 Bd6 31. g4 Kg8 32. h4 Kf8 33. Kf1 Ke7 34.
Ke2 Kd7 35. Bb6 Ba3 36. Kd3 Kd6 37. Kc4 Ne5+ 38. Kc3 Nc6 39. Kc4 Ne5+ 40. Kc3
Nc6 41. Be3 Bb4+ 42. Kd3 Ba3 43. h5 Nb4+ 44. Kd4 Bb2+ 45. Kc4 Nc6 46. Bc5+ Kc7
47. Kd5 Bf6 48. Bd6+ Kd7 49. Bf5+ Kd8 50. Kc5 Bd4+ 51. Kc4 Be5 52. Ba3 Kc7 53.
Bf8 Kd8 54. Be4 Kd7 55. a4 Ba1 56. b4 b5+ 57. axb5 axb5+ 58. Kxb5 Ne7 59. Ka6
Ke8 60. Bxe7 Kxe7 61. b5 Bd4 62. b6 Kd6 63. Bc2 Be3 64. Bb3 f6 65. Bc2 Bf2 66.
Bd3 Be3 67. Be4 Bf2 68. f4 Be3 69. f5 Bf2 70. Bf3 Be3 71. Bg2 Bf2 72. Bf1 Be3
73. Bc4 Bf2 74. Be6 Kc6 75. b7 Kc7 76. Bc8 Kb8 77. Kb5 Be3 78. Kc6 Bg5 79. Be6
Bf4 80. Bd5 Bg5 81. Kd7 Bf4 82. Ke6 Bg5 83. Kf7 Kc7 84. Kxg7 Kb8 85. Kf7 Kc7 86.
Ke6 Bh4 87. Bc6 Bg5 88. Kd5 Bh4 89. Kc5 Kb8 90. Kb6 Bg5 91. Bf3 Bh4 1/2-1/2

[Event "Bundesliga 2022-23"]
[Site "Deggendorf GER"]
[Date "2023.04.02"]
[Round "13.8"]
[Board "6"]
[White "Nyback, Tomi"]
[Black "Prusikin, Michael"]
[Result "0-1"]
[WhiteTitle "GM"]
[BlackTitle "GM"]
[WhiteElo "2566"]
[BlackElo "2517"]
[WhiteTeam "SV Werder Bremen"]
[BlackTeam "Muenchener Schachclub 1836"]
[WhiteFideId "503142"]
[BlackFideId "4642325"]
[EventDate "2022.10.22"]

1. Nf3 d5 2. g3 Nd7 3. d4 Nb6 4. Bg2 Bf5 5. Nc3 e6 6. Nh4 Bg4 7. h3 Bh5 8. Nf3
Nf6 9. Ne5 Nfd7 10. Nd3 Bg6 11. e4 c6 12. Nf4 Bb4 13. Nxg6 Bxc3+ 14. bxc3 hxg6
15. h4 Nc4 16. O-O Qa5 17. Qd3 Ndb6 18. Bg5 Nb2 19. Qf3 N2a4 20. exd5 cxd5 21.
c4 Nxc4 22. Rfe1 Nc3 23. Bf1 Rc8 24. Bd3 Rc6 25. Qg4 Ne4 26. Bxe4 dxe4 27. Qxe4
O-O 28. Rab1 Rfc8 29. Rec1 b6 30. Qd3 Qf5 31. Qxf5 gxf5 32. Rb3 Nd6 33. d5 Rxc2
34. Rd1 Ne4 35. dxe6 fxe6 36. Be3 Rxa2 37. Rbd3 Rcc2 38. Rd8+ Kh7 39. Rf1 Nxg3 0-1